Ponzi's Scheme : (Record no. 351854)

000 -LEADER
fixed length control field 00559nam a22001937a 4500
003 - CONTROL NUMBER IDENTIFIER
control field OSt
005 - DATE AND TIME OF LATEST TRANSACTION
control field 20180116183057.0
008 - FIXED-LENGTH DATA ELEMENTS--GENERAL INFORMATION
fixed length control field 161021b xxu||||| |||| 00| 0 eng d
020 ## - INTERNATIONAL STANDARD BOOK NUMBER
International Standard Book Number 0812968360
040 ## - CATALOGING SOURCE
Transcribing agency 0
082 ## - DEWEY DECIMAL CLASSIFICATION NUMBER
Classification number 364.163 ZUC 2005
100 ## - MAIN ENTRY--PERSONAL NAME
Personal name Zuckoff,Mitchell
245 ## - TITLE STATEMENT
Title Ponzi's Scheme :
Remainder of title The True story Of A Financial Legend
Statement of responsibility, etc. Mitchell Zuckoff
260 ## - PUBLICATION, DISTRIBUTION, ETC.
Place of publication, distribution, etc. New Yourk
Name of publisher, distributor, etc. Random House Trade Paperbacks
Date of publication, distribution, etc. 2005.
300 ## - PHYSICAL DESCRIPTION
Extent 390p.
Other physical details PB.
440 ## - SERIES STATEMENT/ADDED ENTRY--TITLE
Title Ponzi's Scheme :The True story Of A Financial Legend
500 ## - GENERAL NOTE
General note PB.
942 ## - ADDED ENTRY ELEMENTS (KOHA)
Source of classification or shelving scheme
Koha item type Book
Holdings
Withdrawn status Lost status Source of classification or shelving scheme Damaged status Not for loan Collection code Permanent Location Current Location Shelving location Date acquired Total Checkouts Total Renewals Full call number Barcode Checked out Date last seen Date last checked out Price effective from Koha item type
            NUST Law School (NLS) NUST Law School (NLS) General Stacks 10/21/2016 4 3 364.163 ZUC 2005 NBSD-2900 10/30/2025 09/30/2025 09/30/2025 10/21/2016 Book
© 2023 Central Library, National University of Sciences and Technology. All Rights Reserved.